| 000 | 01333 am a2200325Ii 4500 | ||
|---|---|---|---|
| 001 | ocn880141782 | ||
| 003 | EG-ScBUE | ||
| 005 | 20230907113440.0 | ||
| 008 | 140519s2019 caua f 000 0 eng d | ||
| 020 | _a9781633227736 | ||
| 040 |
_aUPZ _beng _erda _cUPZ _dOCLCO _dOCLCF _dEG-ScBUE |
||
| 082 | 0 | 4 |
_a741.58 _222 _bBLA |
| 100 | 1 |
_aBlair, Preston, _eauthor, _eillustrator. |
|
| 245 | 1 | 0 |
_aAnimation 1 : _blearn to animate cartoons step by step / _cPreston Blair. |
| 246 | 3 | _aAnimation one | |
| 264 | 1 |
_aBeverly, CA : _bWalter Foster Publishing, _c2019. |
|
| 300 |
_a40 pages : _billustrations ; _c35 cm. |
||
| 336 |
_atext _btxt _2rdacontent |
||
| 336 |
_astill image _bsti _2rdacontent |
||
| 337 |
_aunmediated _bn _2rdamedia |
||
| 338 |
_avolume _bnc _2rdacarrier |
||
| 490 | 0 | _aCartooning | |
| 520 | _aWorld-renowned animator Preston Blair covers the most important aspects of cartooning, such as working out layouts, planning scenes, and synchronizing mouth action. It also provides instruction on drawing a variety of believable animated characters, with tips on using lines of action to create realistic motion. | ||
| 650 | 7 |
_aCartooning _xTechnique. _2BUEsh |
|
| 650 | 7 |
_aCaricatures and cartoons. _2BUEsh |
|
| 650 | 7 |
_aAnimation (Cinematography) _2BUEsh |
|
| 653 |
_bART _2IA |
||
| 655 | _vReading book | ||
| 942 |
_2ddc _cBB |
||
| 999 |
_c30555 _d30526 |
||